| 000 | 00595nam a22001937a 4500 | ||
|---|---|---|---|
| 005 | 20251108175414.0 | ||
| 008 | 250721s2001 xx 000 0 ara d | ||
| 082 | 1 | 4 | _aم/214.2/محا |
| 100 | 1 | _aالمحاسبي، حارث | |
| 245 | 1 | 0 | _aالرعاية لحقوق الله للحارث المحاسبي / |
| 264 | 1 |
_aبيروت : _bدار الجيل، _c2001. |
|
| 300 | _a534 ص. | ||
| 650 | 1 | 7 | _aالعقيدة الدينية |
| 650 | 1 | 7 | _aالله |
| 650 | 1 | 7 | _aالواجبات |
| 700 | 1 |
_aالحرستاني، عصام فارس _eحقق |
|
| 942 |
_2ddc _cREF |
||
| 999 |
_c133360 _d133360 |
||